000 00522nam a2200193 4500
999 _c13543
_d13543
003 MIRAKIL
005 20191016174601.0
008 191016b tu ||||| |||| 00| 0 tur d
040 _aTR-AnCHP
_cTR-AnCHP
041 _atur
082 _a070.44
_bN22b 1993
100 1 _aNadi, Nadir
245 1 0 _aBen Atatürkçü değilim /
_cNadir Nadi.
250 _a12 bs.
260 _aİstanbul :
_bÇağdaş Yayınları,
_c1993.
300 _a186 s.:
_c20 sm.
650 0 _96022
_aGazete yazıları
_xTürkiye
942 _2ddc
_cBKS